[Event "IECC KO email"]
[Site "IECC email"]
[Date "2002.04.07"]
[Round "?"]
[White "Satterfield, Don"]
[Black "Van Gimst, Herman"]
[Result "1-0"]
[WhiteElo "1394"]
[BlackElo "1349"]
[PlyCount "67"]
[EventDate "2002.??.??"]
[EventType "tourn (corr)"]
[EventRounds "6"]
[SourceTitle "Corr 2008"]
[Source "ChessBase"]
[SourceDate "2008.06.24"]
[SourceVersion "1"]
[SourceVersionDate "2008.06.24"]
[SourceQuality "1"]

1. d4 Nf6 2. c4 e6 3. Nd2 d5 4. Ngf3 Bb4 5. Qb3 Nc6 6. e3 0-0 7. Be2 b6 8. cxd5 Nxd5 9. a3 Bd6 10. Nc4 Ba6 11. e4 Nf4 12. Bf1 Bxc4 13. Qxc4 Na5 14. Qa2 Ng6 15. b4 Nc6 16. Bb5 Nce7 17. e5 Bxe5 18. dxe5 Nd5 19. Bg5 f6 20. exf6 gxf6 21. Bh6 Rf7 22. Bc6 Rb8 23. 0-0 Nge7 24. Rac1 Nf5 25. Qd2 Nxh6 26. Qxh6 Qd6 27. b5 Kh8 28. Rfe1 Rg8 29. g3 Qxa3 30. Nd4 Nb4 31. Rxe6 Qb2 32. Rxf6 Rxf6 33. Qxf6+ Rg7 34. Re1 1-0

[Event "IECC O email"]
[Site "IECC email"]
[Date "2001.11.27"]
[Round "?"]
[White "Satterfield, Don"]
[Black "Newman, Gregory"]
[Result "1-0"]
[WhiteElo "1301"]
[BlackElo "1171"]
[PlyCount "51"]
[EventDate "2001.??.??"]
[EventType "tourn (corr)"]
[EventRounds "6"]
[SourceTitle "Corr 2008"]
[Source "ChessBase"]
[SourceDate "2008.06.24"]
[SourceVersion "1"]
[SourceVersionDate "2008.06.24"]
[SourceQuality "1"]

1. e4 Nf6 2. d3 Nc6 3. Nf3 e6 4. c3 d5 5. e5 Ne4 6. dxe4 dxe4 7. Qxd8+ Nxd8 8. Bb5+ c6 9. Nd4 Bc5 10. Be2 0-0 11. 0-0 f5 12. exf6 Rxf6 13. Bg5 e5 14. Bxf6 gxf6 15. Nb3 Ne6 16. Bc4 b5 17. Bxe6+ Bxe6 18. Nxc5 Bd5 19. a4 Kf7 20. axb5 cxb5 21. Ra6 e3 22. fxe3 Rg8 23. Rfxf6+ Ke7 24. e4 Ba2 25. Rh6 Bxb1 26. Rxa7+ 1-0

[Event "IECC O email"]
[Site "IECC email"]
[Date "2001.11.27"]
[Round "?"]
[White "Smith, Graham M"]
[Black "Satterfield, Don"]
[Result "0-1"]
[WhiteElo "1300"]
[BlackElo "1251"]
[PlyCount "28"]
[EventDate "2001.??.??"]
[EventType "tourn (corr)"]
[EventRounds "6"]
[SourceTitle "Corr 2008"]
[Source "ChessBase"]
[SourceDate "2008.06.24"]
[SourceVersion "1"]
[SourceVersionDate "2008.06.24"]
[SourceQuality "1"]

1. e4 e5 2. Nf3 Nc6 3. Nc3 Nf6 4. b3 Bc5 5. Bc4 d6 6. Bb2 0-0 7. 0-0 Bg4 8. h3 Bh5 9. Nd5 Nxe4 10. d3 Ng5 11. g4 Nxh3+ 12. Kh2 Bxg4 13. Rg1 Nxg1 14. Kxg1 Na5 0-1